Statistiques concernant Box office 2009 par images restreintes

Cliquez ici pour prendre le quiz!

Statistiques générales

  • Ce quiz a été pris 264 fois
  • Le résultat moyen est 9 sur 12

Statistiques - réponses

Réponse% Correct
Avatar
99%
Là-haut
98%
Harry Potter et le Prince de sang-mêlé
95%
Arthur et la Vengeance de Maltazard
92%
L'Âge de glace 3 : Le Temps des dinosaures
87%
Twilight :Tentation
83%
Volt, star malgré lui
83%
Le Petit Nicolas
75%
2012
49%
Gran Torino
42%
Coco
39%
LOL
30%

Distribution des résultats

Percentile par nombre de réponses

% des personnes avec chaque résultat

Votre développement - résultats

Vous n’avez pas pris ce quiz